Economie du vieillissement : Tome 2 (notice n° 1509394)

détails MARC
000 -LEADER
fixed length control field 00897cam a2200145 4500500
005 - DATE AND TIME OF LATEST TRANSACTION
control field 20250921011839.0
041 ## - LANGUAGE CODE
Language code of text/sound track or separate title fre
042 ## - AUTHENTICATION CODE
Authentication code dc
100 10 - MAIN ENTRY--PERSONAL NAME
Personal name Joel, Marie-Eve
Relator term author
245 00 - TITLE STATEMENT
Title Economie du vieillissement : Tome 2
260 ## - PUBLICATION, DISTRIBUTION, ETC.
Name of publisher, distributor, etc. L'Harmattan,<br/>
Date of publication, distribution, etc. 2005.<br/>
520 ## - SUMMARY, ETC.
Summary, etc. Ce second tome rassemble les communications traitant des retraites, de la protection sociale et de l'impact du vieillissement sur cette dernière. Trois thèmes successifs sont développés à propos des retraites : l'efficacité et les résultats des différentes réformes ou projets de réformes (en France, en Tunisie, au Portugal et en Suède), les transformations des comportements d'épargne des retraités et les inégalités entre retraités.
700 10 - ADDED ENTRY--PERSONAL NAME
Personal name Wittwer, Jérôme
Relator term author
856 41 - ELECTRONIC LOCATION AND ACCESS
Uniform Resource Identifier <a href="https://shs.cairn.info/Economie-du-vieillissement--9782747591621?lang=fr&redirect-ssocas=7080">https://shs.cairn.info/Economie-du-vieillissement--9782747591621?lang=fr&redirect-ssocas=7080</a>

Pas d'exemplaire disponible.

PLUDOC

PLUDOC est la plateforme unique et centralisée de gestion des bibliothèques physiques et numériques de Guinée administré par le CEDUST. Elle est la plus grande base de données de ressources documentaires pour les Étudiants, Enseignants chercheurs et Chercheurs de Guinée.

Adresse

627 919 101/664 919 101

25 boulevard du commerce
Kaloum, Conakry, Guinée

Réseaux sociaux

Powered by Netsen Group @ 2025